1934 1055 1784 1558 1038 1950 1845 1183 1336 1066 1253 1763 1948 1696 1591 1626 1486 1034 1454 1546 1812 1842 1190 1763 1435 1038 1294 1536 1247 1059 1376 1362 1367 1131 1991 1314 1173 1459 1181 1890 1051 1305 1730 1588 1073 1816 1334 1312 1576 1523 1121 1368 1993 1658 1048 1790 1476 1445 1936 1182 1682 1459 1176 1717 1215 1317 1076 1631 1513 1243 1837 1661 1127 1518 1139 1073 1698 1836 1304 1626 1793 1856 1629 1938 1777 1704 1214 1926 1470 1405 1143 1430 1011 1716 1819 1834 1285 1480 1176 BCNSPRNW ULIB Ver.6.0+V

เปลี่ยนเป็นภาษาไทย

Change to English
 แสดงรายละเอียดบรรณานุกรม
  กลับหน้าหลัก

Brief Record : Get Marc (ISO 2709) : E-mail record : QR code < ปิดหน้าต่าง
LEADER : 00000nam 2200000uu 4500
001    13399121428
003     ULIB
008    110609s2546 th 000 p tha d
020    ^a9789749167793
090    ^aรส.^bป418น 2546
100 0  ^aประเสริฐ จันดำ
245 10 ^aน้ำท่วมฟ้า ปลากินดาวและงานคัดสรร /^cประเสริฐ จันดำ, วิสาคัญทัพ
246 30 ^aน้ำท่วมฟ้าปลากินดาวและงานคัดสรร
250    ^aพิมพ์ครั้งที่ 1
260    ^aกรุงเทพฯ :^bมูลนิธิสถาบันวิชาการ 14 ตุลา,^c2546
300    ^a217 หน้า ;^c21 ซม.
490 0  ^aหนังสือชุด''''''''''''''''''''''''''''''''ตุลาวรรณกรรม''''''''''''''''''''''''''''''''
500    ^aฉลองครบรอบ 30 ปี 14 ตุลา : 2516-2546 ร่วมวาระประวัติศาสตร์''''''''''''''''''''''''''''''''''''''''''''''''''''''''''''''''วัน 14 ตุลา ประชาธิปไตย''''''''''''''''''''''''''''''''''''''''''''''''''''''''''''''''
650  4 ^aกวีนิพนธ์^xรวมเรื่อง
650  4 ^aกวีนิพนธ์ไทย
650  4 ^aกวีนิพนธ์ไทย^xรวมเรื่อง
650  4 ^aเรื่องสั้น^xรวมเรื่อง
650  4 ^aเรื่องสั้นไทย^xรวมเรื่อง
700 0  ^aวิสา คัญทัพ
710 2  ^aมูลนิธิสถาบันวิชาการ 14 ตุลา
945    ^p0^l0^i14375
995    ^aกัณชพร
999    ^aกัณชพร
รายการนี้ยังไม่มีแท็ก
คุณยังไม่ได้ล็อกอิน คุณสามารถมีกิจกรรมร่วมกับเว็บไซต์ได้ แต่ต้องล็อกอินก่อน ::
  ล็อกอิน

รายการสื่อสารสนเทศ

ลำดับที่ ประเภท เลขเรียก/บาร์โค้ด สถานที่ สถานะ
1. วิทยาศาสตร์การแพทย์ และสุขภาพ
วิทยาศาสตร์การแพทย์ และสุขภาพ
รส. ป418น 2546  
  Barcode: 14375
ห้องสมุดวิทยาเขตสวรรค์ประชารักษ์
►นวนิยาย
บนชั้น
  ขอยืม

รายการใกล้เคียง
    หัวเรื่อง [กวีนิพนธ์ไทย]
    หัวเรื่อง [เรื่องสั้น รวมเรื่อง]

BibComment


ยังไม่เคยถูกคอมเมนท์

คอมเมนท์ทรัพยากรรายการนี้
  คอมเมนท์: น้ำท่วมฟ้า ปลากิ..


 Copyright 2026. Bcnsprnw @Library